00847 2200277 4500001002100000005001500021035002500036020002200061040001700083082001600100084001600116100002000132245010500152250001100257260003600268300003700304650003700341850001200378090002200390008004100412504003200453999002200485990002200507990002000529990002000549INLIS00000000001690420251007094333 a0010-011600000000995 a978-602-7869-20-2 aYOPDYOGbind042[22]a910.2 a910.2 BAM k1 aBambang Sunaryo1 aKebijakan pembangunan destinasi pariwisata :bkonsep dan aplikasinya di Indonesia /cBambang Sunaryo aCet. 13 aYogyakarta :bGava Media,c2013 axiv, 240 hlm. :bilus. ;c23 cm. 4aIndustri pariwisata--zIndonesia aYOPDYOG aCB-D.11 2013-1544160129s2013 yoia g ind d aBibliografi : hlm. 233-240. aCB-D.11/2013-1544 aCB-D.11/2013-1544 a73806-PD/A.2025 a73857-PD/A.2025